Komparácia rodovej rovnosti v podnikaní na Slovensku a v Čechách

Podrobná analýza vývoja rodovej rovnosti na jednotnom trhu a následná komparácia predmetného vývoja na Slovensku a v Českej republike. Situácia v rodovej rovnosti v SR, ČR a Európe bola analyzovaná prostredníctvom sekundárnych zdrojov, získaných zo štatistických výkazov Národného štatistického úradu...

Descripción completa

Guardado en:
Detalles Bibliográficos
Autor principal: Krošláková, Monika, 1975-
Otros Autores: Nováková, Katarína
Formato: Capítulo de libro
Lenguaje:eslovaco
Materias:
Etiquetas: Agregar Etiqueta
Sin Etiquetas, Sea el primero en etiquetar este registro!

MARC

LEADER 00000nla a2200000 4500
001 0195716
005 20240502073304.2
041 0 |a slo 
044 |a SK 
245 1 0 |a Komparácia rodovej rovnosti v podnikaní na Slovensku a v Čechách  |c Monika Krošláková, Katarína Nováková 
520 |a Podrobná analýza vývoja rodovej rovnosti na jednotnom trhu a následná komparácia predmetného vývoja na Slovensku a v Českej republike. Situácia v rodovej rovnosti v SR, ČR a Európe bola analyzovaná prostredníctvom sekundárnych zdrojov, získaných zo štatistických výkazov Národného štatistického úradu, Eurostat-u a analýz OECD. 
610 2 0 |a podnikanie 
610 2 0 |a rovnosť rodová 
610 2 0 |a Česko 
610 2 0 |a Slovensko 
100 1 |a Krošláková, Monika, 1975- 
700 1 |a Nováková, Katarína